| 000 | 00357 a2200169 4500 | ||
|---|---|---|---|
| 001 | 190764 | ||
| 020 | _a | ||
| 040 | _cMagnum | ||
| 100 | _aCarvalho, Lúcia Maria da Costa | ||
| 240 | 1 | 0 |
_aO golpe da raposa _lpor |
| 245 | 1 | 0 | _aO golpe da raposa |
| 300 | _a16 | ||
| 362 | 0 | _a1996 | |
| 440 | 1 | _aBagaço | |
| 697 | _aLITERATURA INFANTIL | ||
| 942 | _cBK | ||
| 999 |
_c190764 _d190764 |
||